| 000 | 00431nam a2200169Ia 4500 | ||
|---|---|---|---|
| 003 | GCL | ||
| 008 | 140319s9999 xx 000 0 eng d | ||
| 040 |
_aGCL / _cGCL |
||
| 082 | 0 | 4 |
_a741.9 _bS P |
| 100 | 1 | _aSACHS, PAUL J | |
| 245 | 1 | 0 |
_aTHE POCKET BOOK OF GREAT DRAWINGS / _cSACHS, PAUL J |
| 260 |
_a[S.N] : _bWASHINGTON SQUARE PRES INC ، _c1946 |
||
| 300 | _a112 P | ||
| 650 | 0 | 4 | _aDRAWING |
| 650 | 0 | 4 | _aARTS |
| 942 |
_2ddc _cBK |
||
| 999 |
_c19564 _d19564 |
||